LEADER 01278cam0-22004091i-450- 001 990003793840403321 005 20140729134124.0 010 $a88-464-0244-8 035 $a000379384 035 $aFED01000379384 035 $a(Aleph)000379384FED01 035 $a000379384 100 $a20030910d1997----km-y0itay50------ba 101 0 $aita 102 $aIT 105 $af-------001yy 200 1 $aLinee guida per l'analisi bivariata dei dati nelle scienze sociali$fAlberto Marradi 210 $aMilano$cFrancoAngeli$d1997 215 $a186 p.$ctab., fig.$d22 cm 225 1 $aLaboratorio sociologico$iTeoria, epistemologia, metodo$v18 320 $aContiene bibl. (pp. 179-182) e indici delle tab. e delle fig. 610 0 $aScienze sociali$aRicerca$aMetodo quantitativo 610 0 $aAnalisi statistica 676 $a300.1519535 676 $a300.72 676 $a11320 700 1$aMarradi,$bAlberto$0120537 801 0$aIT$bUNINA$gRICA$2UNIMARC 901 $aBK 912 $a990003793840403321 952 $a300.72 MAR 3$b6142$fBFS 952 $a300.72 MAR 3 BIS$b6418$fBFS 952 $a11320 MAR$b17388$fSES 959 $aBFS 959 $aSES 996 $aLinee guida per l'analisi bivariata dei dati nelle scienze sociali$965624 997 $aUNINA LEADER 01113nam0-22003371i-450- 001 990002060390403321 005 20130315150513.0 010 $a0-9586085-0-4 035 $a000206039 035 $aFED01000206039 035 $a(Aleph)000206039FED01 035 $a000206039 100 $a20030910d1998----km-y0itay50------ba 101 0 $aeng 200 1 $aEthics, money and politics$emodern dilemmas for zoology$fed. by Daniel Lunney and Terry Dawson 210 $aMosman$cRoyal Zoological Society of New South Wales$d1998 215 $ap.1-61$d30 cm 225 1 $aTransactions of the Royal Zoological Society of New South Wales 300 $aleg. a : Is the biodiversity tail wagging the zoological dog ? / Daniel Lunney 610 0 $aZoologia 676 $a590.7 702 1$aDawson,$bTerry 702 1$aLunney,$bDaniel 712 02$aRoyal Zoological Society of New South Wales 801 0$aIT$bUNINA$gRICA$2UNIMARC 901 $aBK 912 $a990002060390403321 952 $a61 II B.6/67$b7500 (12/04/99)$fDAGEN 959 $aDAGEN 996 $aEthics, money and politics$9393173 997 $aUNINA